| 000 | 00355nam a2200133Ia 4500 | ||
|---|---|---|---|
| 008 | 210210b2005 xxu||||| |||| 00| 0 eng d | ||
| 082 | _a001.6424 PINT | ||
| 100 | _aPINTO (Jeevan). | ||
| 245 | _aTextbook of computer applications. | ||
| 260 |
_aMangalore _bMangala publications _c2005 |
||
| 300 | _avi,314 | ||
| 690 | _aComputer Science | ||
| 906 | _a060860 | ||
| 999 |
_c107810 _d107810 |
||